| 000 | 00388nam a2200157 a 4500 | ||
|---|---|---|---|
| 005 | 20140412111432.0 | ||
| 008 | 131010s19uu xx 00 eng d | ||
| 020 | _a9780545028349 | ||
| 050 |
_aTRE _bMy89 2004 |
||
| 100 | _aRothestein, Nancy | ||
| 245 | _aMy Daddy snores. | ||
| 260 |
_aNew York : _bScholastic, Inc, _cc2004. |
||
| 300 | _ap29 | ||
| 650 | _aFiction- | ||
| 999 |
_c106393 _d106393 |
||